000 00233nam a22000857a 4500
008 160706b xxu||||| |||| 00| 0 eng d
100 _92377
_a Sekharam, K.S
245 _aOur Useful Plants
260 _aNew Delhi
_b National Book Trust
_c1982
999 _c2054
_d2054